[Event "ESP-chT Regional U14"]
[Site "Gijon"]
[Date "2021.06.20"]
[Round "6.3"]
[White "Cebolla Ruiz, Anna"]
[Black "Garrido Gordo, Claudia"]
[Result "1-0"]
[WhiteElo "1193"]
[BlackElo "1280"]
[PlyCount "59"]
[EventDate "2021.06.17"]
[EventType "team-swiss"]
[EventRounds "6"]
[EventCountry "ESP"]
[SourceTitle "EXT 2022"]
[Source "ChessBase"]
[SourceDate "2021.10.06"]
[SourceVersion "1"]
[SourceVersionDate "2021.10.06"]
[SourceQuality "1"]
[WhiteTeam "Valencia U14"]
[BlackTeam "Castilla y Leon U14"]
[WhiteTeamCountry "ESP"]
[BlackTeamCountry "ESP"]

1. d4 d5 2. c4 c6 3. Nc3 Nf6 4. Nf3 Bf5 5. Bg5 Nbd7 6. e3 e6 7. Bd3 dxc4 8. Bxc4 Bb4 9. 0-0 0-0 10. e4 Bxc3 11. exf5 Nb6 12. Bb3 Bxb2 13. Rb1 Ba3 14. fxe6 fxe6 15. Bxe6+ Kh8 16. Ne5 Qe8 17. Re1 Rb8 18. Qb3 Bd6 19. Nf7+ Rxf7 20. Bxf7 Qd7 21. Qe6 Qxe6 22. Rxe6 Nc4 23. Rxf6 h6 24. Rxd6 Nxd6 25. Bf4 Rd8 26. Bxd6 Rxd6 27. Rxb7 Rxd4 28. Kf1 Kh7 29. Rxa7 c5 30. Rc7 1-0